000 00541nam a2200181 b 4500
003 3228
005 20251023102129.0
008 210817s9999 xx e 000 1 AFR d
020 _a0868142107 (hardback)
040 _aMPL
_beng
_c3228
_erda
041 _aAfrikaans
082 _aAF MART
100 _aMartin, Wille
_987648
_eauthor
245 0 _aHart van Lecordeur /
_cWille Martin + Cover desighn: MariƩ-Louise Mullan
260 _aPretoria
_bDaan Retief Uitgewers
_c1980
300 _a116 Pages :
_bjacket ;
_c21 cm
942 _cBK
_2ddc
_y245
_zIzakina Blanche
999 _c213102
_d213101